Taylor Swift Songs nach Synonym - Statistiken

Allgemein
  • Dieses Quiz wurde 698 mal gespielt
  • Das Durchschnittsergebnis liegt bei 13 aus 20
Antwortstatistiken
Synonym Song % Korrekt
No Corpse No Offense No Body No Crime
83%
Escape Automobile Getaway Car
82%
Darling Jonathan Dear John
80%
Scarlet Red
79%
Prosecco Predicaments Champagne Problems
76%
Sir Completely Okay Mr. Perfectly Fine
76%
Craziest Fantasies Wildest Dreams
76%
Talk Presently Speak Now
74%
Photo to Incinerate Picture to Burn
73%
Empty Gap Blank Space
69%
Violet Fog Lavender Haze
65%
Evil Hemoglobin Bad Blood
60%
Jiving with our Appendages Tethered Dancing with our Hands Tied
59%
Adoration Tale Love Story
50%
Reflective Sphere Mirrorball
48%
Superior to Payback Better than Revenge
47%
Inhumane July Cruel Summer
46%
Flurries on the Seashore Snow on the Beach
45%
Clandestine Liaisons Illicit Affairs
37%
Paramour Lover
29%
Keine übereinstimmenden Quizze gefunden
Verteilung der Resultate
Anzahl Personen mit jedem Resultat
Perzentil nach korrekt beantworteten Fragen
Ihre Resultats-Entwicklung
Sie haben dieses Quiz noch nicht gespielt